Así en los pinos como en la tierra : historias incómodas de siete familias presidenciales en México /

Detalles Bibliográficos
Autor principal: Tavira, Alberto, 1977- (Autor)
Formato: Electrónico eBook
Lenguaje:español
Publicado: Ciudad de México : Océano, [2017]
Edición:Primera edición en libro electrónico.
Materias:
Acceso en línea:Digitalia Hispánica

MARC

LEADER 00000nam a2200000Ii 4500
001 DIGOCEANO0014
003 NyNyDIG
006 m o d
007 cr |||||||||||
008 240404s2017 mx o 000 0cspa d
035 |a (OCoLC)1004956690 
040 |a DGITA  |b eng  |e rda  |e pn  |c DGITA 
020 |a 9786075272504  |q eBook 
020 |z 9786075272474 
050 1 4 |a F1235.5.A2 ebook 
100 1 |a Tavira, Alberto,  |d 1977-  |e author. 
245 1 0 |a Así en los pinos como en la tierra :  |b historias incómodas de siete familias presidenciales en México /  |c Alberto Tavira, Jessica Sáenz, Diana Penagos. 
246 3 0 |a Historias incómodas de siete familias presidenciales en México 
250 |a Primera edición en libro electrónico. 
264 1 |a Ciudad de México :  |b Océano,  |c [2017] 
300 |a 1 online resource. 
336 |a text  |b txt  |2 rdacontent 
337 |a computer  |b c  |2 rdamedia 
338 |a online resource  |b cr  |2 rdacarrier 
347 |a text file  |2 rdaft 
347 |b EPUB 
588 0 |a Online resource; title from ePub title page (Digitalia, viewed April 4, 2024) 
650 0 |a Presidents  |z Mexico  |v Biography. 
650 0 |a Press and politics  |z Mexico. 
791 2 |a Digitalia (Firm),  |e distributor. 
793 0 |g Digitalia eBook Collection:  |a Editorial Océano 
776 0 8 |i Print version:  |a Tavira, Alberto, 1977-  |t Así en los pinos como en la tierra.  |d Ciudad de México : Océano, [2017]  |z 9786075272474 
856 4 0 |3 Digitalia Hispánica  |u https://www.digitaliapublishing.com/a/85177/ 
910 |a Premium collection: 2024